| 000 | 01067nam a22003137a 4500 | ||
|---|---|---|---|
| 001 | BR9803961 | ||
| 003 | BR-BrBNA | ||
| 005 | 20230928100023.0 | ||
| 007 | ta | ||
| 008 | 230509b bl.||||| |||| 00| 0 por d | ||
| 040 |
_aBR-BrBNA _bpor _cBiblioteca Nacional de Agricultura |
||
| 041 | _a(Por) | ||
| 072 |
_aH10 _b0230 _b4050 _b3879 |
||
| 090 | _ 0230 BR9803961 | ||
| 100 | 1 | _aLima, R.F. | |
| 110 | 1 |
_aUniversidade Federal de Pernambuco, Recife (Brasil) _0Tese (Mestre em Fitossanidade) |
|
| 245 | 1 | _aInfluencia dos nematicidas carbofuran e terbufos na flutuacao populacional de fitonematoides e parametros produtivos de duas variedades de cana-de-acucar (Saccharum spp.) | |
| 260 | 3 |
_aRecife, PE (Brasil): _c1997. |
|
| 300 | _a82 p. | ||
| 500 | _a49 tables; 9 illus.; Bibliography p. 51-58; Summaries (Eng, Por) | ||
| 650 | _aCana de Acucar | ||
| 650 | _aNematoide | ||
| 650 | _aNematicida Sistemico | ||
| 650 | _aFlutuacao Populacional | ||
| 650 | _aVariedade | ||
| 650 | _aControle Quimico | ||
| 909 |
_a202309 _bLucia _c55 _dLucia Elande |
||
| 942 | _cBK | ||
| 999 |
_c59910 _d59910 |
||